000 00855namaa2200205 i 4500
001 173969
003 ES-MaACL
005 20230906215414.0
008 100203s1899 sp |||| | spa d
040 _aSpMaBN
_bspa
_cPAB
100 1 _aÁlvarez Quintero, Serafín,
_d1871-1938
_9226443
245 1 3 _aLa reja
_b: comedia en un acto y en prosa /
_cde Serafín y Joaquín Álvarez Quintero.
250 _a2ª ed.
260 _aMadrid :
_b[Florencio Fiscowich],
_c1899 (
_fR. Velasco , imp.)
300 _a35 p. ;
_c18 cm.
500 _aEn port.: Estrenada en el teatro Cómico el 4 de diciembre de 1897.
700 1 _aÁlvarez Quintero, Joaquín,
_d1873-1944
_920922
852 _aES-MaACL
_jF-8636(7)
_z.- Enc. pasta española
_z.- Enc. en un vol. facticio formando parte de la col. facticia "Teatro español moderno", vol. 91
999 _c173969
_d173969